00410nam a2200109 450000500170000000800410001710000630005824500740012125000160019526000600021130000290027120260227113418.0260227b |||||||| |||| 00| 0 eng d aBorradaile A. L Potts A. F, Eastham S. E. L, Saunders T. J aThe Invertebrata: A Manual for the use of studentsc/L. A. Borradaile a3th Edition aLondon;bThe syndics of the cambridge university;c1958 axvii, 795p. ill;c22.6cm